000 00541nas a2200205 a 4500
001 000772957
003 AM-YeHGA
005 20250930154053.0
008 101123c19119999ua zr p 0 0arm d
040 _aAM-YeHGA
041 0 _aarm
222 0 _aՄալէշ
245 0 0 _aՄալէշ
260 _aԳահիրէ :
_bԱ.հ.,
_c1911 -.
300 _aհամար.
362 0 _a1911-
650 0 4 _aԱմսագիր
650 1 4 _aՍփյուռքահայ գաղթօջախներ
_zԵգիպտոս
_vՊարբերականներ
942 _2udc
_cCR
999 _c283509
_d283509